| Tag |
First Indicator |
Second Indicator |
Subfields |
| LEADER |
00000cam a2200000 a 4500 |
| 001 |
in00000069960 |
| 005 |
20151008055928.0 |
| 008 |
791206s1979 sp b 00010 spam |
| 010 |
|
|
|a 79108875
|
| 015 |
|
|
|a Sp***
|
| 020 |
|
|
|a 8485202112
|
| 035 |
|
|
|a (OCoLC)05829713
|
| 035 |
|
|
|9 AAJ4744AM
|
| 040 |
|
|
|a DLC
|c DLC
|d m.c.
|d TXA
|d UtOrBLW
|
| 049 |
|
|
|a TXAM
|c [1421904]
|
| 050 |
0 |
0 |
|a PC3937.M4
|b T6
|
| 100 |
1 |
|
|a Torres, Antonio.
|
| 245 |
1 |
3 |
|a El realismo del Tirant lo Blanch y su influencia en el Quijote /
|c Antonio Torres.
|
| 264 |
|
1 |
|a Barcelona :
|b Puvill,
|c [1979?]
|
| 300 |
|
|
|a 172 pages ;
|c 22 cm.
|
| 336 |
|
|
|a text
|b txt
|2 rdacontent
|
| 337 |
|
|
|a unmediated
|b n
|2 rdamedia
|
| 338 |
|
|
|a volume
|b nc
|2 rdacarrier
|
| 490 |
1 |
|
|a Biblioteca universitaria Puvill. II, Ensayos ;
|v 1
|
| 504 |
|
|
|a Bibliography: pages 167-172.
|
| 600 |
1 |
0 |
|a Martorell, Joanot,
|d -1468.
|t Tirant lo Blanch.
|
| 600 |
1 |
0 |
|a Cervantes Saavedra, Miguel de,
|d 1547-1616.
|t Don Quixote.
|
| 600 |
1 |
0 |
|a Martorell, Joanot,
|d -1468
|x Influence
|x Cervantes.
|
| 600 |
1 |
0 |
|a Cervantes Saavedra, Miguel de,
|d 1547-1616
|x Knowledge
|x Literature.
|
| 830 |
|
0 |
|a Biblioteca universitaria Puvill.
|n II,
|p Ensayos ;
|v 1.
|
| 999 |
|
|
|a MARS
|
| 999 |
f |
f |
|s ff1fdcfd-62b5-3825-9748-0aa8d30bf624
|i 4495d528-b34a-3954-80d4-5925b494fc2c
|t 0
|
| 952 |
f |
f |
|p ric
|a Texas A&M University
|b Rellis Campus
|c Joint Library Facility
|d Remote Storage
|t 0
|e PC3937.M4 T6
|h Library of Congress classification
|i unmediated -- volume
|m A14806174317
|
| 998 |
f |
f |
|a PC3937.M4 T6
|t 0
|l Remote Storage
|